000 00316nam a22001457a 4500
003 SGT
082 _a615.53
_bR22P
100 _aPRABHAKAR, LEELA
245 _aREVIEW OF PHARMACY
260 _aDELHI
_bAITBS PUB.
_c2022
300 _a670
650 _aPHARMACY
653 _aREVIEW ,PHARMACY
942 _2ddc
_cGF BOOKS
999 _c33226
_d33226